Shakespeare's English : (رقم التسجيلة. 34948)

تفاصيل مارك
000 -الفاتح
حقل البيانات ثابتة الطول 00894cam a22002538i 4500
001 - رقم الضبط
رقم الضبط 17540324
003 - محدد رقم الضبط
رقم الضبط OSt
005 - وقت وتاريخ اخر تعامل مع التسجيلة
رقم الضبط 20150408114217.0
008 - عناصر البيانات ثابتة الطول - معلومات عامة
حقل البيانات ثابتة الطول 121126s2013 enk g b 001 0 eng
020 ## - الرقم الدولى المعيارى للكتب
الرقم الدولى المعيارى للكتاب 9781408277355 (limp)
040 ## - مصدر الفهرسة
وكالة الفهرسة الأصلية Ma-Un
082 00 - رقم تصنيف ديوى العشرى
رقم الطبعة 22
رقم التصنيف 822.33
رقم المادة JKS
100 1# - المدخل الرئيسى - إسم شخصى
الإسم الشخصى Johnson, Keith,
التواريخ المصاحبة للاسم 1944-
9 (RLIN) 44829
245 10 - بيان العنوان
العنوان Shakespeare's English :
بقية العنوان a practical linguistic guide /
بيان المسئوليه,etc Keith Johnson.
250 ## - بيان الطبعة
بيان الطبعة 1st ed.
260 ## - PUBLICATION, DISTRIBUTION, ETC. (IMPRINT)
مكان الناشر او الموزع Harlow, England :
اسم الناشر او الموزع Pearson,
تاريخ النشر أو التوزيع 2013
-- [1434].
300 ## - الوصف المادى
التعداد xv, 320 p. ;
أبعاد الوعاء 24 cm.
504 ## - تبصرة ببليوجرافية
تبصرة ببليوجرافية,الخ Includes bibliographical references and index.
600 10 - المدخل الاضافى بالموضوع-اسم شخصى
الإسم الشخصى Shakespeare, William,
التواريخ المصاحبة للاسم 1564-1616
التقسيم الفرعي العام Language
9 (RLIN) 44830
600 10 - المدخل الاضافى بالموضوع-اسم شخصى
الإسم الشخصى Shakespeare, William,
التواريخ المصاحبة للاسم 1564-1616
التقسيم الفرعي العام Literary style
9 (RLIN) 44831
650 #0 - المدخل الاضافى بالموضوع-مصطلح موضوعى
مصطلح موضوعي أو اسم جغرافي كعنصر مدخل English language
التقسيم الفرعي الزمني Early modern, 1500-1700
التقسيم الفرعي العام Style
9 (RLIN) 44832
942 ## -
-- ddc
-- BOOK
999 ## -
-- 34948
-- 269448
المقتنيات
حالة الفقد نموذج السعر الفعال حالة تلف ليس للاعارة رقم الطلب رقم النسخة تاريخ الاكتساب مصدر التزويد Serial Enumeration / chronology الباركود الفرع الرئيسي Date last checked out Date last seen نوع المادة فى نظام كوها مصدر التصنيف او خطة الترفيف Total Checkouts
  2014-05-12   Not For Loan 822.33 JKS 1 2014-05-12 دار العرب SHF 00210961 مكتبة كلية التمريض - طالبات (CNF) 2015-02-25 2015-03-01 كتاب Dewey Decimal Classification 1
  2014-05-12     822.33 JKS 2 2014-05-12 دار العرب SHF 00210960 مكتبة كلية التمريض - طالبات (CNF) 2014-11-12 2015-02-08 كتاب Dewey Decimal Classification 1
      Not For Loan 822.33 JKS 1 2014-05-12 دار العرب SHM 00210959 مكتبة كلية التمريض - طلاب (CNM)   2014-05-12 كتاب Dewey Decimal Classification  
  2014-05-13     822.33 JKS 2 2014-05-13 دار العرب SHM 00210952 مكتبة كلية التمريض - طلاب (CNM) 2022-05-08 2023-10-19 كتاب Dewey Decimal Classification 2